000 00706nam a22002297a 4500
003 LK-CoMWRAF
005 20231120130118.0
008 231012b1993 |||||||| |||| 00| 0 eng d
020 _a06627366x
040 _aLK-CoMWRAF
_dLK-CoMWRAF
_eLK-CoMWRAF
041 _aeng
082 _a808.0427
_bADA
100 _aAdams, W. Royce
245 _aViewpoints :
_breadings worth thinking and writing about
250 _a2nd ed.
260 _aLexington:
_bD.C. Heath and Company,
_c1993
300 _axxiv, 449 p. : ill. ; 23 cm.
_bIndex included
650 _aENGLISH LANGUAGE-Rhetoric--Problems, exercises,
650 _aReport writing--Problems, exercises,
650 _a College readers.
942 _cBK
999 _c3836
_d3836